000 00688nam a22001817a 4500
005 20260301160930.0
010 _aBACEN26
020 _a9789356934245
_c1250.00
037 _bHimalaya Publishing House
082 _21
_a900
100 _aBehera, Harekrushna
_987977
245 _aRise of The Modern West-II/
_cHarekrushna Behera
250 _a1
260 _aMumbai
_bHimalaya Publishing House Pvt Ltd
_c2026
270 _aVishal Industrial Estate, Ist Floor, Office No. 63/64, Bhandup Village Road, Subhash Nagar (Opp Ceat Tyres) Nahur(W)
_bMumbai
_e400078
_mhimpub@bharatmail.co.in
_k022-35131464
300 _a278p.
_bIndex
_c25cm(hb)
942 _2ddc
_cEN
_mBEH
_h900
999 _c215004
_d215004